| 000 | 01274cam a2200205 4500500 | ||
|---|---|---|---|
| 005 | 20260201144732.0 | ||
| 041 | _afre | ||
| 042 | _adc | ||
| 100 | 1 | 0 |
_aGranereau, Sarah _eauthor |
| 245 | 0 | 0 | _aRencontre entre le travail social et la littérature autour de l’écriture du portrait |
| 260 | _c2018. | ||
| 500 | _a88 | ||
| 520 | _aÀ partir d’une commande d’un article, un projet de collaboration entre l’université Jean-Jaurès et l’Institut Saint-Simon a été imaginé et mis en place. Ce projet avait pour but de tisser un lien entre travail social et écriture. Des étudiants du master création littéraire ont animé trois séances d’atelier d’écriture pour des étudiants éducateurs spécialisés. Le thème était celui du portrait. Le portrait, objet éminemment littéraire et omniprésent également dans le travail social. Ces ateliers, lieux de rencontre et de convergence, ont permis aux étudiants de réfléchir à la subjectivité de l’auteur et du lecteur. | ||
| 690 | _acréation | ||
| 690 | _aécriture | ||
| 690 | _aportrait | ||
| 690 | _asubjectivité | ||
| 786 | 0 | _nEmpan | 111 | 3 | 2018-08-31 | p. 137-144 | 1152-3336 | |
| 856 | 4 | 1 | _uhttps://shs.cairn.info/revue-empan-2018-3-page-137?lang=fr&redirect-ssocas=7080 |
| 999 |
_c1642925 _d1642925 |
||